| 000 | 00900nam a2200205Ii 4500 | ||
|---|---|---|---|
| 003 | JO-AjNU | ||
| 008 | 230605s9999||||xx |||||||||||||| ||und|| | ||
| 020 | _a3-451-05592-9 | ||
| 040 |
_aJO-AjNU _bara _erda _cJO-AjNU |
||
| 041 | _aara | ||
| 050 | 1 | 4 | _aBJ1249.R3712.2009 |
| 100 | 3 |
_aراتزينغر،جوزف ، مجموعة من ذوي الاختصاص اللاهوتي والفلسفي/ترجمة, _eauthor _943839 |
|
| 245 | 0 | 0 | _aقيم في أزمنة التحول :الصمود أمام تحديات المستقبل |
| 264 | 3 | 1 | _aدمشق:خطوات للنشر والتوزيع ، 2009 |
| 300 | _a192ص | ||
| 336 |
_atext _btxt _2rdacontent |
||
| 337 |
_aunmediated _bn _2rdamedia |
||
| 338 |
_avolume _bnc _2rdacarrier |
||
| 650 | 4 |
_aالاخلاق المسيحية-المسيحية والسلام-الكنيسة الكاثوليكية-تاريخ-المسيحية والثقافة _943840 |
|
| 999 |
_aA18876 _c22444 _d22444 |
||